000 00371nam a2200157Ia 4500
003 OSt
005 20240327163024.0
008 170524s9999 xx 000 0 und d
020 _anil
040 _ciimtu meerut
100 _aDESAI- BC
100 _c2006
245 3 _aAN INTRODUCTION TO DATABASE MANAGEMENT SYSTEMS
260 _aGALGOTIA PUBLICATION
942 _2ddc
_c02
999 _c2174
_d2174